LEADER 01238nam0 2200313 450 001 000001687 005 20090303151604.0 100 $a20000915d1976----km-y0itay50------ba 101 1 $aita$ceng 102 $aIT 200 1 $aSui principi dell'economia politica e della tassazione$fDavid Ricardo$gintroduzione di Fernando Vianello 210 $aMilano$cISEDI$d1976 215 $aLIV, 375 p.$d24 cm 225 2 $aClassici dell'economia politica$v3 300 $aNel volume: Saggio sull'influenza di un basso prezzo del grano sui profitti del capitale dello stesso autore 314 $aTraduzione di Luigi Occhionero 410 0$12001$aClassici dell'economia politica 500 10$aOn the principles of political economy and taxation$m$915414 517 1 $aSaggio sull'influenza di un basso prezzo del grano sui profitti del capitale 610 1 $aEconomia politica$aImposte 676 $a330.1 700 1$aRicardo,$bDavid$050159 702 1$aVianello,$bFernando 801 0$aIT$bUNIPARTHENOPE$gRICA$2UNIMARC 912 $a000001687 951 $cNAVA1$aCEP 330/3$b19734$d20000915 951 $a031/59$b4669$cNAVA2$d2009 996 $aOn the principles of political economy and taxation$915414 997 $aUNIPARTHENOPE LEADER 00836nam0-2200265 --450 001 9910776299303321 005 20240123114025.0 010 $a3768211118 100 $a20240123d1977----kmuy0itay5050 ba 101 0 $aeng 102 $aLI 105 $ay 001yy 200 1 $aChytridiomycetarum iconographia$ean illustrated and brief descriptive guide to the Chytridiomycetous genera with a supplement of the Hyphochytriomycetes$fby John S. Karling 210 $aVaduz$cJ. Cramer$d1977 215 $aXIII, 414 p.$d29 cm. 610 0 $aOrganismi 676 $a589.258$v9$zita 700 1$aKarling,$bJohn S.$064057 801 0$aIT$bUNINA$gREICAT$2UNIMARC 901 $aBK 912 $a9910776299303321 952 $aA PAT 778$b559/2024$fFAGBC 959 $aFAGBC 996 $aChytridiomycetarum iconographia$93722883 997 $aUNINA